| 000 | 00648nam a22001577a 4500 | ||
|---|---|---|---|
| 003 | LRUA | ||
| 005 | 20200108134228.0 | ||
| 008 | 200108b xxu||||| |||| 00| 0 eng d | ||
| 040 | _cRUA | ||
| 082 | _aAVM VAN 2017 B654 Or.1 | ||
| 100 |
_914105 _aVANN CHANTY វ៉ាន់ ចាន់ទី |
||
| 245 | _apresesce eimeria spp. on cross breed chicken at sa ang dristrict, kandal province វត្តមាន អ៊ីមេរៀ ភីភី លើមាន់បីសាសន៏នៅស្រុកស្អាង ខេត្តកណ្តាល | ||
| 260 |
_aRUA _bPhnom penh _c2017 |
||
| 300 |
_av;33p _bill; _c29cm |
||
| 942 |
_2ddc _cAVM |
||
| 999 |
_c18679 _d18679 |
||